[Event "III Copa Marcel Duchamp 2019"]
[Site "Montevideo"]
[Date "2019.02.10"]
[Round "2.1"]
[White "Sarquis, Maria Belen"]
[Black "Mareco, Sandro"]
[Result "1-0"]
[WhiteElo "2164"]
[BlackElo "2664"]
[Annotator "TA"]
[PlyCount "80"]
[EventDate "2019.02.09"]
[EventType "swiss"]
[EventCountry "URU"]
[SourceTitle "playchess.com"]
[Source "ChessBase"]
[SourceQuality "1"]

{[%evp 13,80,0,-1,-20,-18,-33,6,-83,-65,-76,-67,-77,-17,-122,-119,-187,-145,-166,-158,-179,-172,-172,-177,-167,-172,-214,-204,-204,-193,-208,-214,-221,-209,-213,-218,-235,-203,-302,-303,-335,-309,-318,-240,-250,-241,-250,-240,-247,-247,-337,-282,-407,-405,-617,-607,-708,-703,-720,-718,-710,-706,-695,-699,-886,-894,-1306,-708,-29987,-924]} 1. e4 c5 2. Nf3 e6 3. d4 cxd4 4. Nxd4 Nc6 5. Nc3 Qc7 6. Be3 a6 7. a4 Nf6 8. Be2 {B48: Sicilian: Taimanov: 5 Nc3 Qc7 6 Be3 a6 without Be2} Bb4 9. Nxc6 (9. f3 d5 10. Nxc6 bxc6 11. O-O Bd6 12. h3 O-O 13. a5 Nh5 14. Bb6 Qb8 15. Bf2 Qxb2 {0-1 (26) Cabrera Huaman,R (1942)-Malakhatko,V (2545) Arica 2018}) 9... Qxc6 10. Qd4 $146 {[#]} (10. O-O $11) ({Predecessor:} 10. Bd2 Nxe4 11. Bf3 Bxc3 12. Bxc3 Nxc3 13. Bxc6 Nxd1 14. Rxd1 bxc6 15. O-O O-O {0-1 (30) Calvo Cobas,J-Paredes Cordo,J (2243) Villagarcia de Arosa 2002}) 10... Qxe4 $1 $17 11. Qd2 Qc6 12. Bf3 Qc7 (12... d5 $17 13. Bd4 Bc5) 13. h4 (13. O-O $11) 13... d5 {Strongly threatening ...e5.} 14. h5 (14. O-O $17 {might work better.}) 14... h6 15. Kf1 O-O 16. g4 Nd7 17. g5 Ne5 18. Be2 Nc4 19. Qd4 Nxe3+ 20. Qxe3 Bc5 21. Qd2 hxg5 22. Qxg5 Be7 23. Qg2 Bd7 24. Rg1 {[%csl Gg1][%cal Rg2g7]} Bf6 25. h6 (25. Qg4 $142) 25... g6 $19 26. Bd3 Kh8 27. Qf3 Be5 28. Re1 Rad8 (28... Bxc3 29. bxc3 Qd8 30. c4 $17) 29. Rg5 Bf4 ({Not} 29... Bxc3 30. bxc3 Qxc3 31. Rg3 $17) 30. Rg2 Bc6 ({But not} 30... Bxh6 31. Qf6+ Bg7 32. Qh4+ Kg8 33. Re3 $17) 31. Qh3 e5 {Threatens to win with ...e4.} 32. Qh4 (32. Ne2 $142 e4 33. Nxf4 Qxf4 34. Bxa6) 32... g5 33. Qh5 (33. Rxg5 $142 Bxg5 34. Qxg5) 33... e4 34. Be2 d4 35. Nd1 d3 36. cxd3 exd3 {[%mdl 64] Discovered Attack} 37. Bf3 d2 38. Re2 Bxa4 39. Re4 Bc6 40. Rc4 Bb5 {[%mdl 32768] Accuracy: White = 34%, Black = 73%. . Loss on time!?} (40... Bxf3 $142 41. Qxf3 Qxc4+ 42. Kg1 Rfe8 43. Rg3 Re1+ 44. Kg2 Qf1+ 45. Kh2 Bxg3+ 46. Kxg3 Rd3 47. Ne3 {[#]} Rexe3 $1 {[%mdl 576] Promotion} 48. fxe3 Qxf3+ 49. Kxf3 d1=Q+ 50. Kf2 Rd2+ {[%mdl 64] Double Attack} 51. Kg3 Qg1+ {[%mdl 64] Double Attack} 52. Kh3 Rh2#) 1-0

[Event "III Copa Marcel Duchamp 2019"]
[Site "Montevideo"]
[Date "2019.02.10"]
[Round "2.2"]
[White "Felgaer, Ruben"]
[Black "Curi, Gabriel"]
[Result "1/2-1/2"]
[WhiteElo "2562"]
[BlackElo "2159"]
[Annotator "TA"]
[PlyCount "59"]
[EventDate "2019.02.09"]
[EventType "swiss"]
[EventCountry "URU"]
[SourceTitle "playchess.com"]
[Source "ChessBase"]
[SourceQuality "1"]

{[%evp 20,59,37,31,47,42,57,25,31,6,17,10,46,0,19,-4,-4,-17,-11,-41,-19,-44,-16,-74,-43,-22,-24,-26,-34,-68,-53,-66,-43,-95,-68,-144,-158,-147,-133,-129,-137,-160]} 1. e4 e6 2. d4 d5 3. Nd2 Nf6 4. e5 Nfd7 5. Ngf3 c5 6. c3 Nc6 7. Bd3 f6 8. exf6 Nxf6 9. O-O cxd4 10. cxd4 Bd6 11. b3 O-O {C06: French Tarrasch: 3...Nf6 4 e5 Nfd7 5 Bd3 main lines} 12. Bb2 Qb6 (12... Bd7 13. a3 a5 14. Ne5 Be8 15. Qf3 Ne4 16. Qh3 Ng5 17. Qe3 Qe7 18. f4 Nf7 19. Ndf3 Bxe5 20. dxe5 {1-0 (38) Caspi,I (2484)-Gleizerov,E (2513) Suwalki 2018}) 13. a3 a5 {White has an edge.} 14. Qc2 Bd7 $146 ({Predecessor:} 14... Bf4 15. Bc3 Bd7 16. Rfe1 Rfc8 17. Qb2 {1-0 (42) Huerta,D (2353)-Medina Garcia,M (1963) Merida 2008}) 15. Rae1 Ne7 {[%cal Bc6e7,Be7f5,Bf5d6][%mdl 32]} 16. Kh1 Nf5 17. Re2 Rac8 18. Qb1 Bf4 19. Qd1 Nd6 (19... a4 $5) 20. a4 {[#]} Bxa4 $1 {[%mdl 512]} 21. Ba3 (21. bxa4 $11 {remains equal.} Qxb2 22. Rxe6) 21... Bb5 22. Bxb5 Qxb5 23. Rxe6 Rfd8 24. Bxd6 Bxd6 25. Qb1 Bf4 26. Rfe1 ({White should play} 26. Qf5 $15 Bxd2 27. Nxd2) 26... Qb4 27. Qd3 {[#]} (27. R6e2 $15) 27... Bxd2 $1 $17 28. Qxd2 Qxd2 29. Nxd2 Rc2 30. R6e2 {Accuracy: White = 23%, Black = 52%.} 1/2-1/2

[Event "III Copa Marcel Duchamp 2019"]
[Site "Montevideo"]
[Date "2019.02.10"]
[Round "2.3"]
[White "Trois, Francisco R.T."]
[Black "Hernandez Guerrero, Gilberto"]
[Result "0-1"]
[WhiteElo "2152"]
[BlackElo "2533"]
[Annotator "TA"]
[PlyCount "64"]
[EventDate "2019.02.09"]
[EventType "swiss"]
[EventCountry "URU"]
[SourceTitle "playchess.com"]
[Source "ChessBase"]
[SourceQuality "1"]

{[%evp 16,64,0,-9,25,-3,0,0,1,0,14,29,22,27,26,18,93,87,111,0,0,-3,0,-18,0,12,32,-13,-8,-10,-11,-9,0,0,0,0,0,-8,0,-22,-22,-148,-163,-515,-488,-602,-593,-570,-528,-523,-510]} 1. Nf3 c5 2. c4 g6 3. Nc3 Bg7 4. e3 Nf6 5. d4 O-O 6. Be2 cxd4 7. Nxd4 d5 8. cxd5 Nxd5 9. O-O Nb4 $146 {E61: King's Indian: Early deviations for White, including Smyslov System} ({Predecessor:} 9... Nxc3 10. bxc3 Nc6 11. Ba3 Bd7 12. Rb1 Qc7 13. Qb3 b6 14. Rfd1 Rfe8 15. Nb5 Qc8 16. Bf3 Na5 17. Qb4 {0-1 (44) Peptan,C (2399)-Muzychuk,A (2576) Medias 2017}) 10. Qb3 N8c6 11. Nxc6 Nxc6 {The position is equal.} 12. Rd1 Qa5 13. Bd2 Rd8 14. Be1 Rxd1 15. Rxd1 Rb8 (15... Qb6 $11) 16. Bc4 $1 $16 e6 17. Nd5 (17. Ne4 $16 Qe5 18. Bb5) 17... Qc5 $11 18. Nf4 b5 19. Be2 a5 20. Nd3 Qb6 21. Bc3 e5 {Threatens to win with ...Be6.} 22. Qc2 Be6 {White must now prevent ...b4.} 23. b3 Rc8 {...e4 is the strong threat.} 24. Qd2 Bf5 25. Ba1 h5 26. Qb2 Kh7 27. Rc1 Bh8 {Hoping for ...e4.} 28. Qd2 {[#]} (28. Ne1 $11 {keeps the balance.}) 28... Rd8 $1 $17 {Strongly threatening ...Nb4!} 29. Qc3 $2 {[#]} (29. Bc3 {is more resistant.}) 29... Bxd3 $1 $19 {Black is clearly winning.} 30. Bxd3 {[#]} e4 $1 {[%mdl 576] Discovered Attack} 31. Qxc6 (31. Bxe4 Bxc3) 31... Qxc6 32. Rxc6 exd3 {Accuracy: White = 49%, Black = 60%.} 0-1

[Event "III Copa Marcel Duchamp 2019"]
[Site "Montevideo"]
[Date "2019.02.10"]
[Round "2.4"]
[White "Alonso, Salvador"]
[Black "Munoz Perez, Rolando"]
[Result "1-0"]
[WhiteElo "2502"]
[BlackElo "2130"]
[Annotator "ChessBase"]
[PlyCount "85"]
[EventDate "2019.02.09"]
[EventType "swiss"]
[EventCountry "URU"]
[SourceTitle "playchess.com"]
[Source "ChessBase"]
[SourceQuality "1"]
[TimeControl "5400+30"]

1. e4 e5 2. Nf3 d6 3. d4 Nf6 4. Nc3 Nbd7 5. Bc4 Be7 6. O-O O-O 7. Re1 c6 8. a4 b6 9. Ba2 Bb7 10. dxe5 dxe5 11. Nh4 g6 12. Bh6 Re8 13. Qf3 Bf8 14. Bg5 Bg7 15. Rad1 Qe7 16. Rxd7 Qxd7 17. Bxf6 Bxf6 18. Qxf6 Qe7 19. Qxe7 Rxe7 20. Rd1 a6 21. Nf3 Kg7 22. Ng5 f6 23. Ne6+ Kh8 24. Rd6 Rc8 25. f3 a5 26. Bc4 h6 27. Kf2 Kh7 28. Ke3 h5 29. Nd8 Ba8 30. Ba6 Rcc7 31. Ne6 Ra7 32. Bc4 Kh6 33. Rd8 Bb7 34. Rh8+ Rh7 35. Rf8 Ra8 36. Rxf6 Re8 37. h4 Rhe7 38. Ng5 Kg7 39. Rd6 Rb8 40. Ne6+ Kh6 41. Nd8 c5 42. Nf7+ Kg7 43. Rxb6 1-0

[Event "III Copa Marcel Duchamp 2019"]
[Site "Montevideo"]
[Date "2019.02.10"]
[Round "2.5"]
[White "Guerrero, Alvaro"]
[Black "Tristan, Leonardo"]
[Result "1/2-1/2"]
[WhiteElo "2096"]
[BlackElo "2493"]
[Annotator "TA"]
[PlyCount "141"]
[EventDate "2019.02.09"]
[EventType "swiss"]
[EventCountry "URU"]
[SourceTitle "playchess.com"]
[Source "ChessBase"]
[SourceQuality "1"]

{[%evp 9,141,4,34,3,18,0,36,32,35,33,33,30,48,44,38,18,58,39,67,54,42,51,61,39,84,28,53,17,50,0,0,-16,3,-96,-89,-93,-81,-172,-143,-152,-145,-162,-141,-141,-135,-235,-230,-337,-316,-323,-131,-175,-108,-178,-177,-178,-181,-180,-167,-180,-179,-202,-192,-216,-192,-192,-174,-216,-192,-192,-188,-198,-181,-192,-181,-216,-216,-209,-209,-216,-216,-216,-181,-183,-188,-188,-188,-181,-181,-195,-195,-492,-495,-544,-178,-627,-407,-719,-681,-1101,-1084,-1361,-1060,-953,-297,-303,-304,-29982,-29983,-29983,-29956,-29950,-29952,-10747,-7425,-6291,-6291,-6291,-6291,-5014,-1573,-2168,-1090,-1526,-1501,-1112,-129,-371,-41,-42,-42,-43,-41,-8]} 1. d4 e6 2. c4 Bb4+ 3. Nc3 c5 4. e3 Nc6 (4... b6 5. Nge2 Bb7 6. a3 Ba5 7. Bd2 Bxc3 8. Bxc3 Nf6 9. Ng3 cxd4 10. Qxd4 Nc6 11. Qf4 Qe7 12. O-O-O {0-1 (37) Hillarp Persson,T (2509)-Short,N (2688) Helsingor 2017}) 5. Nf3 d6 6. Bd3 {A40: Unusual replies to 1 d4} e5 {[%cal Rc5d4]} 7. d5 Nce7 8. e4 {White is slightly better.} Bxc3+ 9. bxc3 h6 10. O-O $146 ({Predecessor:} 10. Nd2 Ng6 11. g3 Bh3 12. Nf1 {½-½ (23) Wallis,C (2283)-Johansen,D (2441) Cammeray 2013}) 10... g5 11. Ne1 Ng6 {[%cal Be7g6,Bg6f4,Bf4h3][%mdl 32]} 12. Nc2 Qf6 13. Ne3 N8e7 14. Rb1 Nf4 15. Bc2 h5 16. Ba4+ Kd8 17. Rb2 (17. f3 $16) 17... Kc7 18. f3 Qg6 19. g3 Nh3+ 20. Kh1 g4 21. fxg4 (21. Ng2 $1 $11) 21... hxg4 $17 22. Bc2 Ng5 23. Nf5 (23. Bb1 $17) 23... Nf3 24. Rxf3 gxf3 25. Qxf3 Nxf5 26. exf5 Qh5 {[%csl Gh8][%cal Rh5h2]} 27. Qf2 (27. Qxh5 $17 Rxh5 28. h4) 27... Qg4 $19 28. Kg2 (28. Bd3 {was worth a try.}) 28... Bd7 ({Less strong is} 28... Qxc4 29. Qf3 $19) 29. Bd3 e4 (29... Rh3 $19 {has better winning chances. Hoping for ...Rah8.} 30. Qe2 Bxf5 31. Qxg4 Bxg4) 30. Bf1 Qxf5 (30... Rag8 $19 31. f6 Qd1) 31. Bf4 (31. Qxf5 $17 Bxf5 32. h4) 31... b6 32. Kg1 Rae8 33. Qe3 Qh5 34. Rf2 Bg4 35. Bg5 Bf3 36. Bf4 f5 37. h4 Reg8 {White must now prevent ...Qxh4.} 38. Rh2 Qg4 {And now ...Rxh4 would win.} 39. Kf2 Qg7 40. Ke1 Qf6 41. Rh3 Re8 42. Bg5 Qf7 43. Rh2 Qd7 44. Rd2 Kb7 45. Bf4 a6 46. Kf2 Reg8 47. Ke1 Qe7 48. Rh2 Rg6 49. Rf2 Qg7 50. Rb2 $2 (50. Rxf3 {might work better.} exf3 51. Qxf3) 50... Rg8 51. Bg5 Ka7 $2 (51... Rxg5 52. hxg5 Qe5) 52. Bf4 $2 (52. Be2) 52... Qe7 53. Rf2 (53. Qf2 $142) 53... Rxg3 54. Bxg3 Rxg3 55. Qf4 Qg7 56. Rc2 Bd1 $2 (56... Rg4 57. Qxf5 Rxh4) 57. Kxd1 Rf3 58. Qh2 $2 (58. Qg5 $19 Rxf1+ 59. Ke2 Qxg5 60. hxg5) 58... Rxf1+ {[%mdl 4096] Endgame KQR-KQR} 59. Ke2 Rg1 60. Kf2 {[#]} e3+ $1 {[%mdl 576] Decoy} 61. Kxe3 Qe7+ 62. Kf2 Qe1+ 63. Kf3 Qf1+ 64. Ke3 Rg4 {( -> ...Re4+)} 65. Re2 Qc1+ {[%mdl 64] [#] Double Attack} 66. Kd3 Qd1+ 67. Rd2 Qf3+ $2 (67... Qb1+ 68. Rc2 b5) 68. Kc2 Rxc4 $2 (68... Rg3 $19 69. Kb1 Qxc3) 69. Rd3 $15 {Black is slightly better.} Qf4 70. Qxf4 Rxf4 71. Rh3 $1 {Accuracy: White = 42%, Black = 49%.} 1/2-1/2

[Event "III Copa Marcel Duchamp 2019"]
[Site "Montevideo"]
[Date "2019.02.10"]
[Round "2.6"]
[White "Rodriguez Vila, Andres"]
[Black "Arcos Facio, Mateo"]
[Result "1-0"]
[WhiteElo "2486"]
[BlackElo "2107"]
[Annotator "TA"]
[PlyCount "85"]
[EventDate "2019.02.09"]
[EventType "swiss"]
[EventCountry "URU"]
[SourceTitle "playchess.com"]
[Source "ChessBase"]
[SourceQuality "1"]

{[%evp 12,84,41,37,39,22,39,38,88,-20,82,61,55,57,75,74,143,143,195,160,153,131,194,186,209,202,196,190,183,193,195,181,170,177,231,238,258,244,251,213,225,217,210,208,201,167,389,394,499,504,595,595,575,589,554,482,495,473,502,429,765,737,896,825,908,757,741,746,689,514,499,215,29998,29999,29999]} 1. d4 g6 2. e4 Bg7 3. Nc3 d6 4. Be3 a6 5. f3 Nd7 6. Qd2 b5 7. Nge2 Bb7 {B06: Modern Defence} 8. d5 Ne5 9. Nd4 Qd7 $146 {White is slightly better.} ({Predecessor:} 9... Nf6 10. a4 bxa4 11. Be2 c6 12. dxc6 Nxc6 13. Nxa4 Nd7 {0-1 (63) Kristjansson,S (2438)-Speelman,J (2548) Caleta 2005}) 10. f4 (10. a4 $16) 10... b4 (10... Ng4 $11) 11. Nd1 c5 12. fxe5 cxd4 13. Qxd4 {[#] Hoping for e6.} dxe5 ({Better is} 13... Bxe5 14. Qxb4 Nf6) 14. Qxb4 $16 f5 (14... Nf6 $16 {was worth a try.} 15. Nf2 O-O) 15. Nc3 $36 {[%mdl 2048] White is in control.} Nf6 16. Na4 Nxe4 (16... Qc7 $16) 17. Nb6 $1 $18 {[%csl LRa8,LRd7][%mdl 64] [#] Double Attack} Qd6 18. Qxd6 exd6 19. Nxa8 Bxa8 20. Bxa6 Bxd5 21. O-O Ke7 22. a4 {[%cal Ba2a4,Ba4a5][%mdl 32]} f4 (22... Rb8 $142 23. c4 Ba8) 23. Bb6 g5 24. a5 g4 25. Be2 h5 26. c4 Ba8 27. Ra3 Ng5 28. b4 Rf8 $2 (28... Ne6 29. b5 e4) 29. c5 f3 30. cxd6+ Ke6 31. Bc4+ Kd7 32. Bb5+ Kxd6 33. Bc5+ Ke6 34. Bc4+ Kf5 35. h4 Nh3+ (35... gxh3 $142 36. gxf3 Rc8 37. Bd3+ Ke6) 36. gxh3 e4 37. a6 Rd8 38. Ra5 Kf4 39. hxg4 hxg4 40. Be6 g3 {...e3 is the strong threat.} 41. Re1 (41. Bb6 $142 {Rf5+ would kill now.} Be5 42. Bxd8 Bd4+ 43. Kh1 (43. Rf2 {is a self mate.} Bxf2+ 44. Kf1 g2+ 45. Kxf2 e3+ 46. Kg1 f2+ 47. Kh2 g1=Q+ 48. Kh3 f1=Q#) 43... g2+ 44. Kh2 gxf1=N+ 45. Kh3) 41... e3 $2 (41... Rd4 $18 42. Ba7 f2+ 43. Kf1 fxe1=Q+ 44. Kxe1 e3 45. Bxd4 Bxd4) 42. Bxe3+ Ke4 43. Bf5# {Accuracy: White = 76%, Black = 32%.} 1-0

[Event "III Copa Marcel Duchamp 2019"]
[Site "Montevideo"]
[Date "2019.02.10"]
[Round "2.7"]
[White "Meza, Anahi"]
[Black "Ricardi, Pablo"]
[Result "0-1"]
[WhiteElo "2058"]
[BlackElo "2479"]
[Annotator "ChessBase"]
[PlyCount "54"]
[EventDate "2019.02.09"]
[EventType "swiss"]
[EventCountry "URU"]
[SourceTitle "playchess.com"]
[Source "ChessBase"]
[SourceQuality "1"]
[TimeControl "5400+30"]

1. d4 Nf6 2. c4 e6 3. Nc3 Bb4 4. e3 c5 5. Nf3 O-O 6. Bd3 d5 7. O-O Nc6 8. a3 Ba5 9. cxd5 exd5 10. dxc5 Bxc3 11. bxc3 Qa5 12. Qc2 Qxc5 13. a4 Re8 14. Ng5 g6 15. Ba3 Qb6 16. Rab1 Qc7 17. f4 Rxe3 18. f5 Ng4 19. g3 Nce5 20. fxg6 hxg6 21. Bxg6 fxg6 22. Qg2 Re4 23. Rf8+ Kg7 24. Qh3 Nh6 25. Rxc8 Qxc8 26. Ne6+ Qxe6 27. Rxb7+ Nef7 0-1

[Event "III Copa Marcel Duchamp 2019"]
[Site "Montevideo"]
[Date "2019.02.10"]
[Round "2.8"]
[White "Salinas Herrera, Pablo"]
[Black "Vazquez, Facundo"]
[Result "1-0"]
[WhiteElo "2477"]
[BlackElo "2019"]
[Annotator "TA"]
[PlyCount "73"]
[EventDate "2019.02.09"]
[EventType "swiss"]
[EventCountry "URU"]
[SourceTitle "playchess.com"]
[Source "ChessBase"]
[SourceQuality "1"]

{[%evp 10,73,18,13,31,16,31,25,39,32,35,29,125,127,137,136,134,146,146,144,240,231,229,225,235,150,172,175,162,172,197,146,177,148,139,125,175,178,196,176,214,214,239,256,350,260,404,360,344,347,1656,660,1397,612,639,632,693,691,614,463,1520,1497,940,764,747,739]} 1. d4 Nf6 2. Nf3 g6 3. Nbd2 d5 4. e3 Bg7 5. b4 O-O 6. c4 c6 {D02: 1 d4 d5 2 Nf3 sidelines, including 2...Nf6 3 g3 and 2...Nf6 3 Bf4} (6... a5 7. b5 c5 8. Bb2 Nbd7 9. Be2 b6 10. O-O Bb7 11. Rc1 Rc8 12. cxd5 Bxd5 13. Bc4 Bb7 14. Qe2 {1-0 (45) Inarkiev,E (2690)-Wei,Y (2735) Magas 2018}) 7. Be2 Nbd7 8. O-O e5 {White has an edge.} 9. Nxe5 Nxe5 10. dxe5 Nd7 (10... Ne4 $11 {remains equal.}) 11. f4 $16 Qb6 12. Qb3 a5 13. cxd5 cxd5 14. Ba3 Re8 $146 {[#]} (14... axb4 $16 {keeps fighting.} 15. Bxb4 Nc5) ({Predecessor:} 14... axb4 15. Bxb4 Nc5 {1-0 (80) Panchenko,A (2240)-Krajnak,M Bratislava 1991}) 15. bxa5 $1 $18 Qxa5 16. Bb4 Qb6 17. Rac1 Bf8 18. Bxf8 Qxb3 19. axb3 Kxf8 20. Bb5 (20. Nf3 $18) 20... Ra5 $16 21. Bxd7 Bxd7 22. Nf3 Bb5 23. Ra1 Rxa1 24. Rxa1 $18 {[%mdl 4096] Endgame KRB-KRN} Rc8 25. Nd4 Ba6 26. Kf2 Rc3 27. g4 Ke7 (27... Rc8 {was worth a try.} 28. Ra5 Rd8) 28. Ra5 Bd3 29. f5 ({But not} 29. Rxd5 Be4 $18) 29... Be4 $2 (29... gxf5 30. gxf5 Rc8 31. Rxd5 Ra8) 30. Ra7 (30. f6+ $142 Kd7 31. Ra7 Rc2+ 32. Nxc2) 30... Rc7 31. Kg3 (31. f6+ $142 Kd7 32. Ra8) 31... gxf5 32. gxf5 Bd3 33. f6+ Kd7 34. Ra8 {e6+! is the strong threat.} Rc1 {[#]} (34... Bg6 $142 35. Rb8 b6 36. Rxb6 Kc8) 35. e6+ $1 {[%mdl 512]} fxe6 36. f7 Rg1+ 37. Kh4 {Accuracy: White = 65%, Black =  9%.} 1-0

[Event "III Copa Marcel Duchamp 2019"]
[Site "Montevideo"]
[Date "2019.02.10"]
[Round "2.9"]
[White "Torella, Rodolfo"]
[Black "Hoffman, Alejandro"]
[Result "0-1"]
[WhiteElo "2022"]
[BlackElo "2461"]
[Annotator "ChessBase"]
[PlyCount "66"]
[EventDate "2019.02.09"]
[EventType "swiss"]
[EventCountry "URU"]
[SourceTitle "playchess.com"]
[Source "ChessBase"]
[SourceQuality "1"]
[TimeControl "5400+30"]

1. e4 c5 2. b3 Nc6 3. Bb2 e6 4. Nf3 a6 5. g3 d5 6. exd5 exd5 7. Qe2+ Qe7 8. Qxe7+ Ngxe7 9. a3 f6 10. Bg2 Bf5 11. d3 Rd8 12. Nbd2 Kf7 13. Nh4 Be6 14. Nhf3 Nf5 15. O-O-O h5 16. h3 h4 17. g4 Nfe7 18. g5 Ng6 19. Rde1 Be7 20. gxf6 gxf6 21. d4 cxd4 22. b4 d3 23. cxd3 Nf4 24. Bf1 Bf5 25. d4 Rc8 26. Kd1 a5 27. b5 Nb8 28. Re3 Rc2 29. Bc3 Rc8 30. Nxh4 Bh7 31. Nb1 Ra2 32. Nd2 Bxa3 33. Ng2 Ra1+ 0-1

[Event "III Copa Marcel Duchamp 2019"]
[Site "Montevideo"]
[Date "2019.02.10"]
[Round "2.10"]
[White "Bitelmajer, Martin"]
[Black "Gaye, Gustavo"]
[Result "1-0"]
[WhiteElo "2453"]
[BlackElo "1984"]
[Annotator "TA"]
[PlyCount "59"]
[EventDate "2019.02.09"]
[EventType "swiss"]
[EventCountry "URU"]
[SourceTitle "playchess.com"]
[Source "ChessBase"]
[SourceQuality "1"]

{[%evp 16,59,54,29,34,31,34,16,52,31,56,50,61,10,19,0,0,0,0,-10,133,108,96,89,250,103,117,85,92,106,420,381,408,268,262,217,212,0,65,14,234,222,366,368,497,487]} 1. d4 c5 2. d5 d6 3. e4 g6 4. Nc3 Bg7 5. Nf3 Nf6 6. Bb5+ Bd7 7. a4 O-O 8. O-O Na6 9. Re1 Bxb5 {A43: Schmid Benoni} 10. Nxb5 Nc7 11. Na3 b6 $146 {The position is equal.} ({Predecessor:} 11... e6 12. Bg5 exd5 13. exd5 Qd7 14. Bxf6 Bxf6 15. Nc4 Rfe8 16. Rxe8+ Rxe8 17. Qd3 Bg7 18. h3 b6 19. c3 Bf8 20. h4 Qg4 21. Rd1 Qe4 22. Kf1 Qg4 {½-½ (22) Gdanski,J (2540)-Markowski,T (2525) Krynica 1998}) 12. Nc4 Rb8 13. c3 a6 14. Bd2 (14. h3 $14) 14... Qd7 $11 15. b4 b5 16. axb5 axb5 17. Na5 Ra8 {[#]} (17... c4 $11) 18. bxc5 $1 $16 dxc5 19. Ne5 $36 {[%mdl 2048] White has strong initiative.} Qc8 $2 (19... Qd6 $16) 20. Nec6 (20. Nac6 $18 {has better winning chances.} Re8 21. Qf3) 20... Re8 21. Qc2 Ra6 22. c4 {Hoping for cxb5.} Nxe4 $2 {[%mdl 8192] [#]} (22... Nd7 $16) 23. Qxe4 $18 Bxa1 24. Rxa1 Qd7 25. Bf4 bxc4 26. Rd1 $2 ({Stronger than} 26. Qxc4 Qxd5 27. Qa4 Ne6 $15) (26. Bxc7 $1 $18 Qxc7 27. Qxc4 {[%mdl 64] Double Attack}) 26... c3 ({Black should try} 26... e6 $1 $11 27. Qxc4 exd5 28. Qxc5 Ne6 {[%mdl 64] Double Attack}) 27. h3 (27. Qc4 $14 c2 28. Qxc2) 27... Nb5 $2 (27... e6 $1 $11 28. Bxc7 exd5) 28. Qc4 {[%mdl 1024] White has strong compensation.} c2 (28... Rea8 $142) 29. Re1 ({Much less strong is} 29. Qxc2 Nd4 $18) 29... Rb6 30. Qxc5 {Accuracy: White = 36%, Black = 29%.} 1-0

[Event "III Copa Marcel Duchamp 2019"]
[Site "Montevideo"]
[Date "2019.02.10"]
[Round "2.11"]
[White "Augoustis Funti, Alexis"]
[Black "Roselli Mailhe, Bernardo"]
[Result "0-1"]
[WhiteElo "1984"]
[BlackElo "2434"]
[Annotator "TA"]
[PlyCount "32"]
[EventDate "2019.02.09"]
[EventType "swiss"]
[EventCountry "URU"]
[SourceTitle "playchess.com"]
[Source "ChessBase"]
[SourceQuality "1"]

{[%evp 9,32,-23,34,6,11,-6,-6,-6,-11,-13,0,-4,-10,-13,-7,-31,-33,-140,-131,-130,-141,-463,-306,-731,-715]} 1. e4 c5 2. d4 cxd4 3. c3 g6 4. Nf3 Bg7 5. Bc4 d6 {LiveBook: 30 Games} (5... dxc3 $11 6. Nxc3 Nc6) 6. O-O {B27: Sicilian: 2 Nf3, unusual Black 2nd moves} (6. cxd4 Nf6 7. Qe2 O-O 8. O-O Bg4 9. e5 dxe5 10. dxe5 Nfd7 11. e6 Ne5 12. exf7+ Kh8 13. Rd1 Qc7 14. Bd5 Nbc6 15. Nc3 e6 16. h3 Bxf3 17. Bxf3 {0-1 (42) Shaposhnikov,E (2576)-Guseinov,G (2664) St Petersburg 2018}) 6... Nf6 7. e5 dxe5 8. Nxe5 {The position is equal.} O-O 9. Qb3 {[%cal Rc4f7]} e6 {[%cal Be7e6,Be6e5][%mdl 32]} 10. Rd1 Nc6 $146 (10... Qc7 {is more complex.} 11. cxd4 Nfd7 12. Nf3 Nc6 13. Be2 e5) ({Predecessor:} 10... Nd5 11. cxd4 Nb6 12. Be2 {0-1 (39) Leaua,C (2045)-Kudrin,S (2505) New Jersey 2015}) 11. Nxc6 bxc6 {[%cal Bb7c6,Bc6c5][%mdl 32]} 12. Rxd4 Qc7 13. Bf4 ({Better is} 13. Na3 $15) 13... e5 $17 14. Bg3 Bf5 15. Bd3 $2 {[%mdl 8192] [#]} (15. Rd1 $17) 15... c5 16. Qc4 $2 (16. Bxf5 cxd4 17. Bd3) 16... Be6 0-1

[Event "III Copa Marcel Duchamp 2019"]
[Site "Montevideo"]
[Date "2019.02.10"]
[Round "2.12"]
[White "Diaz Hollemaert, Nahuel"]
[Black "Gomez Troccoli, Martin"]
[Result "*"]
[WhiteElo "2426"]
[BlackElo "1976"]
[Annotator "NA RC"]
[PlyCount "78"]
[EventDate "2019.02.09"]
[EventType "swiss"]
[EventCountry "URU"]
[SourceTitle "playchess.com"]
[Source "ChessBase"]
[SourceQuality "1"]
[TimeControl "5400+30"]

1. Nf3 e6 2. g3 d5 3. Bg2 Nf6 4. O-O Be7 5. c4 O-O 6. b3 b6 7. Bb2 Bb7 8. e3 c5 9. Nc3 Nbd7 10. Qe2 Rc8 11. Rfd1 Ne4 12. Rac1 Nxc3 13. Bxc3 Ba6 14. d3 Bf6 15. Qb2 Bxc3 16. Rxc3 Qf6 17. cxd5 exd5 18. d4 c4 19. Nd2 b5 20. Bxd5 Nb6 21. Bg2 b4 22. Ne4 Qe7 23. Rcc1 f5 24. Nc5 c3 25. Qa1 Bb5 26. a3 Bc6 27. axb4 Bxg2 28. Kxg2 f4 29. Qxc3 fxg3 30. hxg3 Qf7 31. Rd2 Qf3+ 32. Kg1 Nd5 33. Qc4 Rf6 34. Qe2 Qf5 35. e4 Qh3 36. Qf1 Qh6 37. Nd7 Rxc1 38. Nxf6+ Nxf6 39. Qxc1 Nxe4 *